<?xml version="1.0" encoding="UTF-8"?>
<record
    xmlns:xsi="http://www.w3.org/2001/XMLSchema-instance"
    xsi:schemaLocation="http://www.loc.gov/MARC21/slim http://www.loc.gov/standards/marcxml/schema/MARC21slim.xsd"
    xmlns="http://www.loc.gov/MARC21/slim">

  <leader>00646nam a22001577a 4500</leader>
  <controlfield tag="003">OSt</controlfield>
  <controlfield tag="005">20151130090359.0</controlfield>
  <controlfield tag="008">151130b        xxu||||| |||| 00| 0 eng d</controlfield>
  <datafield tag="040" ind1=" " ind2=" ">
    <subfield code="c">RUA</subfield>
  </datafield>
  <datafield tag="082" ind1=" " ind2=" ">
    <subfield code="a">FIS IN 1996 B162 Or.1</subfield>
  </datafield>
  <datafield tag="100" ind1=" " ind2=" ">
    <subfield code="9">3990</subfield>
    <subfield code="a">IN, PEOV.</subfield>
  </datafield>
  <datafield tag="245" ind1=" " ind2=" ">
    <subfield code="a">Small scale fishery by gillnet mesh sine 25 m.m and 30m.m in chong kiineas commune (&#x1780;&#x17B6;&#x179A;&#x1793;&#x17C1;&#x179F;&#x17B6;&#x1791;&#x1787;&#x17B6;&#x179B;&#x1780;&#x17D2;&#x1781;&#x178E;&#x17C7;&#x1782;&#x17D2;&#x179A;&#x17BD;&#x179F;&#x17B6;&#x179A;&#x178A;&#x17C4;&#x1799;&#x17A7;&#x1794;&#x1780;&#x179A;&#x178E;&#x17CF;&#x1798;&#x1784;&#x1796;&#x17B6;&#x1780;&#x17CB;&#x1780;&#x17D2;&#x179A;&#x17A1;&#x17B6;&#x17E2;&#x17E5;&#x1798;.&#x1798;&#x1793;&#x17B7;&#x1784;&#x200B;&#x17E3;&#x17E0;&#x1798;.&#x1798;&#x1793;&#x17C5;&#x1783;&#x17C6;&#x17BB;&#x1785;&#x17BB;&#x1784;&#x1783;&#x17D2;&#x1798;&#x17B6;&#x179F;)</subfield>
  </datafield>
  <datafield tag="260" ind1=" " ind2=" ">
    <subfield code="a">Phnom Penh</subfield>
    <subfield code="b">RUA</subfield>
    <subfield code="c">1996</subfield>
  </datafield>
  <datafield tag="300" ind1=" " ind2=" ">
    <subfield code="a">59p.</subfield>
    <subfield code="b">ill.</subfield>
    <subfield code="c">29cm.</subfield>
  </datafield>
  <datafield tag="942" ind1=" " ind2=" ">
    <subfield code="2">ddc</subfield>
    <subfield code="c">FIS</subfield>
  </datafield>
  <datafield tag="999" ind1=" " ind2=" ">
    <subfield code="c">3710</subfield>
    <subfield code="d">3710</subfield>
  </datafield>
  <datafield tag="952" ind1=" " ind2=" ">
    <subfield code="0">0</subfield>
    <subfield code="1">0</subfield>
    <subfield code="2">ddc</subfield>
    <subfield code="4">0</subfield>
    <subfield code="6">FIS_IN_1996_000000000000000_B162_OR_1</subfield>
    <subfield code="7">0</subfield>
    <subfield code="9">18489</subfield>
    <subfield code="a">LBB</subfield>
    <subfield code="b">LBB</subfield>
    <subfield code="c">B162</subfield>
    <subfield code="d">2015-11-30</subfield>
    <subfield code="o">FIS IN 1996 B162 Or.1</subfield>
    <subfield code="p">RUA012487</subfield>
    <subfield code="r">2015-11-30</subfield>
    <subfield code="w">2015-11-30</subfield>
    <subfield code="y">FIS</subfield>
  </datafield>
  <datafield tag="952" ind1=" " ind2=" ">
    <subfield code="0">0</subfield>
    <subfield code="1">0</subfield>
    <subfield code="2">ddc</subfield>
    <subfield code="4">0</subfield>
    <subfield code="6">FIS_IN_1996_000000000000000_B162_OR_2</subfield>
    <subfield code="7">0</subfield>
    <subfield code="9">18490</subfield>
    <subfield code="a">LBB</subfield>
    <subfield code="b">LBB</subfield>
    <subfield code="c">B162</subfield>
    <subfield code="d">2015-11-30</subfield>
    <subfield code="o">FIS IN 1996 B162 Or.2</subfield>
    <subfield code="p">RUA012415</subfield>
    <subfield code="r">2015-11-30</subfield>
    <subfield code="w">2015-11-30</subfield>
    <subfield code="y">FIS</subfield>
  </datafield>
  <datafield tag="952" ind1=" " ind2=" ">
    <subfield code="0">0</subfield>
    <subfield code="1">0</subfield>
    <subfield code="2">ddc</subfield>
    <subfield code="4">0</subfield>
    <subfield code="6">FIS_IN_1996_000000000000000_B162_OR_3</subfield>
    <subfield code="7">0</subfield>
    <subfield code="9">18491</subfield>
    <subfield code="a">LBB</subfield>
    <subfield code="b">LBB</subfield>
    <subfield code="c">B162</subfield>
    <subfield code="d">2015-11-30</subfield>
    <subfield code="o">FIS IN 1996 B162 Or.3</subfield>
    <subfield code="p">RUA012343</subfield>
    <subfield code="r">2015-11-30</subfield>
    <subfield code="w">2015-11-30</subfield>
    <subfield code="y">FIS</subfield>
  </datafield>
  <datafield tag="952" ind1=" " ind2=" ">
    <subfield code="0">0</subfield>
    <subfield code="1">0</subfield>
    <subfield code="2">ddc</subfield>
    <subfield code="4">0</subfield>
    <subfield code="6">FIS_IN_1996_000000000000000_B162_OR_4</subfield>
    <subfield code="7">0</subfield>
    <subfield code="9">18492</subfield>
    <subfield code="a">LBB</subfield>
    <subfield code="b">LBB</subfield>
    <subfield code="c">B162</subfield>
    <subfield code="d">2015-11-30</subfield>
    <subfield code="o">FIS IN 1996 B162 Or.4</subfield>
    <subfield code="p">RUA012646</subfield>
    <subfield code="r">2015-11-30</subfield>
    <subfield code="w">2015-11-30</subfield>
    <subfield code="y">FIS</subfield>
  </datafield>
  <datafield tag="952" ind1=" " ind2=" ">
    <subfield code="0">0</subfield>
    <subfield code="1">0</subfield>
    <subfield code="2">ddc</subfield>
    <subfield code="4">0</subfield>
    <subfield code="6">FIS_IN_1996_000000000000000_B162_OR_5</subfield>
    <subfield code="7">0</subfield>
    <subfield code="9">18493</subfield>
    <subfield code="a">LBB</subfield>
    <subfield code="b">LBB</subfield>
    <subfield code="c">B162</subfield>
    <subfield code="d">2015-11-30</subfield>
    <subfield code="o">FIS IN 1996 B162 Or.5</subfield>
    <subfield code="p">RUA012504</subfield>
    <subfield code="r">2015-11-30</subfield>
    <subfield code="w">2015-11-30</subfield>
    <subfield code="y">FIS</subfield>
  </datafield>
  <datafield tag="952" ind1=" " ind2=" ">
    <subfield code="0">0</subfield>
    <subfield code="1">0</subfield>
    <subfield code="2">ddc</subfield>
    <subfield code="4">0</subfield>
    <subfield code="6">FIS_IN_1996_000000000000000_B162_OR_6</subfield>
    <subfield code="7">0</subfield>
    <subfield code="9">18494</subfield>
    <subfield code="a">LBB</subfield>
    <subfield code="b">LBB</subfield>
    <subfield code="c">B162</subfield>
    <subfield code="d">2015-11-30</subfield>
    <subfield code="o">FIS IN 1996 B162 Or.6</subfield>
    <subfield code="p">RUA012432</subfield>
    <subfield code="r">2015-11-30</subfield>
    <subfield code="w">2015-11-30</subfield>
    <subfield code="y">FIS</subfield>
  </datafield>
  <datafield tag="952" ind1=" " ind2=" ">
    <subfield code="0">0</subfield>
    <subfield code="1">0</subfield>
    <subfield code="2">ddc</subfield>
    <subfield code="4">0</subfield>
    <subfield code="6">FIS_IN_1996_000000000000000_B162_OR_7</subfield>
    <subfield code="7">0</subfield>
    <subfield code="9">18495</subfield>
    <subfield code="a">LBB</subfield>
    <subfield code="b">LBB</subfield>
    <subfield code="c">B162</subfield>
    <subfield code="d">2015-11-30</subfield>
    <subfield code="o">FIS IN 1996 B162 Or.7</subfield>
    <subfield code="p">RUA012719</subfield>
    <subfield code="r">2015-11-30</subfield>
    <subfield code="w">2015-11-30</subfield>
    <subfield code="y">FIS</subfield>
  </datafield>
  <datafield tag="952" ind1=" " ind2=" ">
    <subfield code="0">0</subfield>
    <subfield code="1">0</subfield>
    <subfield code="2">ddc</subfield>
    <subfield code="4">0</subfield>
    <subfield code="6">FIS_IN_1996_000000000000000_B162_OR_8</subfield>
    <subfield code="7">0</subfield>
    <subfield code="9">18496</subfield>
    <subfield code="a">LBB</subfield>
    <subfield code="b">LBB</subfield>
    <subfield code="c">B162</subfield>
    <subfield code="d">2015-11-30</subfield>
    <subfield code="o">FIS IN 1996 B162 Or.8</subfield>
    <subfield code="p">RUA012647</subfield>
    <subfield code="r">2015-11-30</subfield>
    <subfield code="w">2015-11-30</subfield>
    <subfield code="y">FIS</subfield>
  </datafield>
  <datafield tag="952" ind1=" " ind2=" ">
    <subfield code="0">0</subfield>
    <subfield code="1">0</subfield>
    <subfield code="2">ddc</subfield>
    <subfield code="4">0</subfield>
    <subfield code="6">FIS_IN_1996_000000000000000_B162_OR_9</subfield>
    <subfield code="7">0</subfield>
    <subfield code="9">18497</subfield>
    <subfield code="a">LBB</subfield>
    <subfield code="b">LBB</subfield>
    <subfield code="c">B162</subfield>
    <subfield code="d">2015-11-30</subfield>
    <subfield code="o">FIS IN 1996 B162 Or.9</subfield>
    <subfield code="p">RUA012360</subfield>
    <subfield code="r">2015-11-30</subfield>
    <subfield code="w">2015-11-30</subfield>
    <subfield code="y">FIS</subfield>
  </datafield>
</record>
